000 00725nam a2200277Ia 4500
008 171120s9999 xx 000 0 und d
020 _a671731939
050 _a641.22
050 _bC599 1990
100 _aClarke, Oz
245 _aOz Clarke's new encyclopedia of french wines /
245 _cby Oz Clarke.
260 _aNew York :
260 _bFireside Book,
260 _c1990
300 _a240 pages :
300 _bsome color illustrations ;
300 _c23cm.
500 _aIncludes glossary and index.
650 _aVin --
650 _aWine and wine making --
650 _aWine and wine making.
650 _xFrance -- Dictionaries.
650 _xFrankrike -- Lexicon.
700 _aTitle.
999 _c345068
_d345068